The effect of different formulated feeds on freshwater prawn culture in concrete tanks, ឥទ្ធិពលនៃចំណីផ្សំខុសៗគ្នាទៅលើការចិញ្ចឹមបង្កងទឹកសាផនៅក្នុងអាងស៊ីម៉ង់មិ៍ (Record no. 3907)

000 -LEADER
fixed length control field 00663nam a22001577a 4500
003 - CONTROL NUMBER IDENTIFIER
control field OSt
005 - DATE AND TIME OF LATEST TRANSACTION
control field 20151203100519.0
008 - FIXED-LENGTH DATA ELEMENTS--GENERAL INFORMATION
fixed length control field 151203b xxu||||| |||| 00| 0 eng d
040 ## - CATALOGING SOURCE
Transcribing agency RUA
082 ## - DEWEY DECIMAL CLASSIFICATION NUMBER
Classification number FIS CHE 2008 B180 Or.1
100 ## - MAIN ENTRY--PERSONAL NAME
9 (RLIN) 4192
Personal name CHEA, KIMSEANG.
245 ## - TITLE STATEMENT
Title The effect of different formulated feeds on freshwater prawn culture in concrete tanks, ឥទ្ធិពលនៃចំណីផ្សំខុសៗគ្នាទៅលើការចិញ្ចឹមបង្កងទឹកសាផនៅក្នុងអាងស៊ីម៉ង់មិ៍
260 ## - PUBLICATION, DISTRIBUTION, ETC. (IMPRINT)
Place of publication, distribution, etc. Phnom Penh
Name of publisher, distributor, etc. RUA
Date of publication, distribution, etc. 2008
300 ## - PHYSICAL DESCRIPTION
Extent x; 45p.
Other physical details ill.
Dimensions 29cm.
942 ## - ADDED ENTRY ELEMENTS (KOHA)
Source of classification or shelving scheme
Koha item type FIS
Holdings
Price effective from Date last seen Permanent Location Not for loan Date acquired Source of classification or shelving scheme Koha item type Lost status Withdrawn status Date last checked out Total Checkouts Damaged status Barcode Current Location Checked out Full call number
2015-12-032015-12-03Library Block B 2015-12-03 FIS     RUA019784Library Block B FIS CHE 2008 B180 Or.1
2015-12-032025-02-15Library Block B 2015-12-03 FIS  2025-02-153 RUA019645Library Block D2025-03-24FIS CHE 2008 B180 Or.2
មជ្ឈមណ្ឌលឯការនៃសាកលវិទ្យាល័យភូមិន្ទកសិកម្មចំការដូង

Powered by Koha